<?xml version="1.0" encoding="UTF-8"?><marc:collection xmlns:marc="http://www.loc.gov/MARC21/slim">
  <marc:record>
    <marc:leader>00000nam  2200000zi 4500</marc:leader>
    <marc:controlfield tag="001">9.948933</marc:controlfield>
    <marc:controlfield tag="003">CaOODSP</marc:controlfield>
    <marc:controlfield tag="005">20250820092907</marc:controlfield>
    <marc:controlfield tag="006">m     o  d f      </marc:controlfield>
    <marc:controlfield tag="007">cr mn|||||||||</marc:controlfield>
    <marc:controlfield tag="008">250307e202504##onc     o    f000 0 eng d</marc:controlfield>
    <marc:datafield tag="020" ind1=" " ind2=" ">
      <marc:subfield code="a">9780660763101</marc:subfield>
    </marc:datafield>
    <marc:datafield tag="040" ind1=" " ind2=" ">
      <marc:subfield code="a">CaOODSP</marc:subfield>
      <marc:subfield code="b">eng</marc:subfield>
      <marc:subfield code="e">rda</marc:subfield>
      <marc:subfield code="c">CaOODSP</marc:subfield>
    </marc:datafield>
    <marc:datafield tag="043" ind1=" " ind2=" ">
      <marc:subfield code="a">n-cn---</marc:subfield>
    </marc:datafield>
    <marc:datafield tag="086" ind1="1" ind2=" ">
      <marc:subfield code="a">HP40-251/5-2024E-PDF</marc:subfield>
    </marc:datafield>
    <marc:datafield tag="245" ind1="0" ind2="0">
      <marc:subfield code="a">2023-2024 progress report : </marc:subfield>
      <marc:subfield code="b">Government of Canada five-year action plan on sexually transmitted and blood-borne infections.</marc:subfield>
    </marc:datafield>
    <marc:datafield tag="264" ind1=" " ind2="1">
      <marc:subfield code="a">Ottawa, ON : </marc:subfield>
      <marc:subfield code="b">Government of Canada = Gouvernement du Canada, </marc:subfield>
      <marc:subfield code="c">April 2025.</marc:subfield>
    </marc:datafield>
    <marc:datafield tag="264" ind1=" " ind2="4">
      <marc:subfield code="c">©2025</marc:subfield>
    </marc:datafield>
    <marc:datafield tag="300" ind1=" " ind2=" ">
      <marc:subfield code="a">1 online resource (ii, 29 pages)</marc:subfield>
    </marc:datafield>
    <marc:datafield tag="336" ind1=" " ind2=" ">
      <marc:subfield code="a">text</marc:subfield>
      <marc:subfield code="b">txt</marc:subfield>
      <marc:subfield code="2">rdacontent</marc:subfield>
    </marc:datafield>
    <marc:datafield tag="337" ind1=" " ind2=" ">
      <marc:subfield code="a">computer</marc:subfield>
      <marc:subfield code="b">c</marc:subfield>
      <marc:subfield code="2">rdamedia</marc:subfield>
    </marc:datafield>
    <marc:datafield tag="338" ind1=" " ind2=" ">
      <marc:subfield code="a">online resource</marc:subfield>
      <marc:subfield code="b">cr</marc:subfield>
      <marc:subfield code="2">rdacarrier</marc:subfield>
    </marc:datafield>
    <marc:datafield tag="500" ind1=" " ind2=" ">
      <marc:subfield code="a">Cover title.</marc:subfield>
    </marc:datafield>
    <marc:datafield tag="500" ind1=" " ind2=" ">
      <marc:subfield code="a">Issued also in French under title: Rapport d'étape 2023-2024 : plan d'action quinquennal du gouvernement du Canada sur les infections transmissibles sexuellement et par le sang.</marc:subfield>
    </marc:datafield>
    <marc:datafield tag="520" ind1=" " ind2=" ">
      <marc:subfield code="a">"The Government of Canada remains dedicated to reducing the burden of sexually transmitted and blood-borne infections (STBBI) among people living in Canada. Canada is committed to accelerating efforts and achieving strategic goals laid out by the World Health Organization and the Joint United Nations Programme on HIV/AIDS"--Foreword, page 2.</marc:subfield>
    </marc:datafield>
    <marc:datafield tag="650" ind1=" " ind2="0">
      <marc:subfield code="a">Sexually transmitted diseases</marc:subfield>
      <marc:subfield code="x">Government policy</marc:subfield>
      <marc:subfield code="z">Canada.</marc:subfield>
    </marc:datafield>
    <marc:datafield tag="650" ind1=" " ind2="0">
      <marc:subfield code="a">Bloodborne infections</marc:subfield>
      <marc:subfield code="x">Government policy</marc:subfield>
      <marc:subfield code="z">Canada.</marc:subfield>
    </marc:datafield>
    <marc:datafield tag="710" ind1="2" ind2=" ">
      <marc:subfield code="a">Public Health Agency of Canada, </marc:subfield>
      <marc:subfield code="e">issuing body.</marc:subfield>
    </marc:datafield>
    <marc:datafield tag="775" ind1="0" ind2="8">
      <marc:subfield code="t">Rapport d'étape 2023-2024 : </marc:subfield>
      <marc:subfield code="w">(CaOODSP)9.948934</marc:subfield>
    </marc:datafield>
    <marc:datafield tag="795" ind1=" " ind2=" ">
      <marc:subfield code="t">2022-2023 progress report : </marc:subfield>
      <marc:subfield code="b">2024</marc:subfield>
      <marc:subfield code="w">(CaOODSP)9.940277</marc:subfield>
    </marc:datafield>
    <marc:datafield tag="856" ind1="4" ind2="0">
      <marc:subfield code="q">PDF</marc:subfield>
      <marc:subfield code="s">337 KB</marc:subfield>
      <marc:subfield code="u">https://publications.gc.ca/collections/collection_2025/aspc-phac/HP40-251-5-2024-eng.pdf</marc:subfield>
    </marc:datafield>
    <marc:datafield tag="856" ind1="4" ind2=" ">
      <marc:subfield code="q">HTML</marc:subfield>
      <marc:subfield code="s">N/A</marc:subfield>
      <marc:subfield code="u">https://www.canada.ca/en/public-health/services/publications/diseases-conditions/2023-2024-progress-report-sexually-transmitted-blood-borne-infections.html</marc:subfield>
    </marc:datafield>
    <marc:datafield tag="986" ind1=" " ind2=" ">
      <marc:subfield code="a">240962</marc:subfield>
    </marc:datafield>
  </marc:record>
</marc:collection>
